| 000 | 00908nas a2200289 4500 | ||
|---|---|---|---|
| 001 | BR0807968 | ||
| 003 | BR-BrBNA | ||
| 005 | 20231205112831.0 | ||
| 007 | ta | ||
| 008 | 230509b bl.|||p| |||| 00| 00por d | ||
| 040 |
_aBR-BrBNA _bpor _cBiblioteca Nacional de Agricultura |
||
| 041 | _a(Pt) | ||
| 072 | _aF03 | ||
| 100 | 1 | _aWagner Júnior, A. | |
| 100 | 1 | _aSantos, C.E.M. dos | |
| 100 | 1 | _aSilva, J.O. da | |
| 100 | 1 | _aPimentel, L.D. | |
| 100 | 1 | _aBruckner, C.H. | |
| 245 | 1 | _aPeríodo de estratificação e desenvolvimento inicial de Seedlings de pessegueiro em função do número de sementes por endocarpo | |
| 650 | _aPÊSSEGO | ||
| 650 | _aGERMINAÇÃO | ||
| 650 | _aSEMENTE | ||
| 650 | _aPERICARPO | ||
| 773 | 0 |
_tCiência e Agrotecnologia (Brazil) _xISSN 1413-7054 _g(May-Jun 2008), v. 32(3) p. 828-833 _wBR0807968 |
|
| 909 |
_a202311 _bLúcia _c55 _dLúcia Elande |
||
| 942 |
_2AGRIS _n0 _cANA |
||
| 999 |
_c200277 _d200277 |
||